书目信息 |
| 题名: |
啤酒酿造技术
|
|
| 作者: | 周广田 | |
| 分册: | ||
| 出版信息: | 济南 山东大学出版社 2004 |
|
| 页数: | 548 | |
| 开本: | 26cm | |
| 丛书名: | ||
| 单 册: | ||
| 中图分类: | TS262.5 | |
| 科图分类: | ||
| 主题词: | 酿造--食品工业 | |
| 电子资源: | ||
| ISBN: | 7-5607-2752-2 | |
| 000 | 00516nam0 2200181 450 | |
| 001 | 0741144344 | |
| 005 | 20070817112544.34 | |
| 010 | @a7-5607-2752-2@d¥68.00 | |
| 100 | @a20070817d km y0chiy0120 ea | |
| 101 | 0 | @achi |
| 200 | 1 | @a啤酒酿造技术@Api jiu niang zao ji shu@f周广田@Fzhou guang tian |
| 210 | @a济南@c山东大学出版社@d2004 | |
| 215 | @a548@c彩图@d26cm | |
| 606 | 0 | @a酿造@x食品工业 |
| 690 | @aTS262.5@v3 | |
| 701 | 0 | @a周广田@Azhou guang tian |
| 801 | 0 | @aCN@bPFT@c20070817 |
| 905 | @a213230@dTS262.5@en1@f1 | |
| 啤酒酿造技术/周广田.-济南:山东大学出版社,2004 |
| 548:彩图;26cm |
| ISBN 7-5607-2752-2:¥68.00 |
| ● |
| 相关链接 |
|
|
|
|
正题名:啤酒酿造技术
索取号:TS262.5/n1
 
预约/预借
| 序号 | 登录号 | 条形码 | 馆藏地/架位号 | 状态 | 备注 |
| 1 | 6601532 | 266015322 | 生命科学系资料室/ [索取号:TS262.5/n1] | 在馆 |